00660nam a2200181 i 4500001000400000245012200004250001700126260004000143300002500183651004300208700003000251700002700281020001500308040000800323041000800331008004100339856009800380bgj10aPoints of View :breadings in American government and politics /cedited by Robert E. DiClerico and Allan S. Hammock. a4th edition. aNew York :bRandom House,cc. 1989. aXI, 348 pp ;c24 cm. 9aUnited StatesxPolitics and government1 aDICLERICO, Robert E.eed.1 aHAMMOCK, Allan S.eed. a0394385772 cBPK0 aeng s uk f |000 0 eng  uhttp://koha.tu.koszalin.pl/cgi-bin/koha/opac-detail.pl?biblionumber=47664yKatalog online BPK